Score 0/18 Timer 04:00
1 Play Today
% Correct
Samuel L. Jackson
90.9%
Britney Spears
88.8%
Angelina Jolie
85.9%
Betty White
85.5%
Brad Pitt
83.8%
Steve Irwin
81.9%
David Beckham
78.4%
Catherine, Duchess of Cambridge
75%
Alice Cooper
74.9%
% Correct
Neil Patrick Harris
65.7%
Slash
62.3%
Red Hot Chili Peppers
57.3%
Bear Grylls
51.7%
Scarlett Johansson
41.6%
Kirk Cameron
41.5%
Liam Hemsworth
39.7%
Hayden Panettiere
25.3%
Jamie Hyneman
17.8%
Remove Ads.
Support Sporcle.
Get the best of Sporcle when you Go Orange. This ad-free experience offers more features, more stats, and more fun while also helping to support Sporcle. Thank you for becoming a member.

You're not logged in!

Compare scores with friends on all Sporcle quizzes.
OR
Log In

Show Comments

Extras

Top Quizzes Today


Score Distribution

Your Account Isn't Verified!

In order to create a playlist on Sporcle, you need to verify the email address you used during registration. Go to your Sporcle Settings to finish the process.

Report this User

Report this user for behavior that violates our Community Guidelines.

Details: